Catalog

Record Details

Catalog Search



Available copies

  • 1 of 1 copy available at LARL/NWRL Consortium.
  • 1 of 1 copy available at Northwest Regional Library. (Show)

Current holds

0 current holds with 1 total copy.

Show Only Available Copies
Location Call Number / Copy Notes Barcode Shelving Location Status Due Date
Hallock Public Library SKY (Text) 35500006128951 Main Available -

Record details

  • ISBN: 9781791334239
  • ISBN: 1791334237
  • Physical Description: 287 pages ; 21 cm.
  • Publisher: [Lexington, Kentucky] : Hartwick Publishing, [2019]

Content descriptions

Summary, etc.:
They've taken my father. They'll take me next ... Read More
Subject: Man-woman relationships > Fiction.
Revenge > Fiction.
Genre: Romance fiction.
Erotic fiction.
LDR 01424nam a2200337Ii 4500
001308823
003LARL_NWRL_CONSORTIUM
00520190131180630.0
008190129t20192019kyu 000 1 eng d
040 . ‡aGO9 ‡beng ‡erda ‡cGO9 ‡dNRG
020 . ‡a9781791334239
020 . ‡a1791334237
035 . ‡a(OCoLC)1083549048
092 . ‡aFICTION SKY, P
049 . ‡aNRGA
1001 . ‡aSky, Penelope, ‡eauthor.
24514. ‡aThe banker ‡n#1 / ‡cPenelope Sky.
264 1. ‡a[Lexington, Kentucky] : ‡bHartwick Publishing, ‡c[2019]
264 4. ‡c©2019
300 . ‡a287 pages ; ‡c21 cm.
336 . ‡atext ‡btxt ‡2rdacontent
337 . ‡aunmediated ‡bn ‡2rdamedia
338 . ‡avolume ‡bnc ‡2rdacarrier
4900 . ‡aBanker ; ‡v1
520 . ‡aThey've taken my father. They'll take me next unless I comply with their demands. Taking down the most powerful man in Italy. Cato Marino. The man is accompanied by his security team everywhere he goes. His fortress in Tuscany is impenetrable. He's the most paranoid man in the country. And there's no possibility I'll be able to take him down alone. If I want to save my father, I only have one option. To get into Cato's bed...and stay there. -- ‡cAmazon.com
650 0. ‡aMan-woman relationships ‡vFiction. ‡0(LARL_NWRL_CONSORTIUM)165985
650 0. ‡aRevenge ‡vFiction. ‡0(LARL_NWRL_CONSORTIUM)167017
655 7. ‡aRomance fiction. ‡2lcgft
655 7. ‡aErotic fiction. ‡2lcgft
905 . ‡ubacont
901 . ‡a308823 ‡b ‡c308823 ‡tbiblio ‡soclc

Additional Resources